000 00593nam a22001577a 4500
999 _c15685
_d15685
003 AR-CdUCM
008 190429b ||||| |||| 00| 0 spa d
040 _aMUNICIPALIDAD PROVINCIAL DEL CUSCO
_cBIBLIOTECA MUNICIPAL DEL CUSCO
082 _aC / 330.122 /
_bD441
245 _aDesarrollo capitalista de la industria conservera en Chimbote sus persecuciones /
260 _aChimbote :
_bCEF,
_c1982.
300 _a23 páginas ;
_c24 cm.
505 _aChimbote de caleta a ciudad industrial -- La industria conservera produce nuevos problemas sociales...
942 _2ddc
_cFOLLETOS
945 _awfj